First Names of Famous Duos - UK edition - Statistics

General Stats
  • This quiz has been taken 168 times
  • The average score is 14 of 20
Answer Stats
Duo Answer % Correct
Fry & Laurie Stephen
97%
Fry & Laurie Hugh
90%
French & Saunders Dawn
89%
French & Saunders Jennifer
87%
Morecambe & Wise Eric
84%
Torvill & Dean Christopher
82%
Morecambe & Wise Ernie
81%
Baddiel & Skinner Frank
81%
Mitchell & Webb David
78%
Baddiel & Skinner David
78%
Reeves & Mortimer Bob
76%
Torvill & Dean Jayne
76%
Reeves & Mortimer Vic
70%
Little & Large Eddie
60%
Cannon & Ball Bobby
56%
Smith & Jones Mel
56%
Smith & Jones Griff
55%
Cannon & Ball Tommy
53%
Mitchell & Webb Robert
51%
Little & Large Syd
41%
No matching quizzes found
Score Distribution
Percent of People with Each Score
Percentile by Number Answered
Your Score History
You have not taken this quiz